Romantic Psycho - Quebonafide - TrackLista - Statystyki

Ogólne statystyki
  • Ten quiz został rozwiązany 155 razy
  • Średni wynik to 12 z 19
Statystyki odpowiedzi
EDYCJA TRACK % Poprawnych
EU JESIEŃ
93%
EU ROMANTICPSYCHO
90%
EU TOKYO2020
83%
EU GAZPROM
82%
EU BUBBLETEA
80%
EU SZUBIENICAPESTYCYDYBROŃ
78%
EU ASPARTAM
77%
EU ŚWIATTOMÓJPLACZABAW
74%
EU TĘSKNIĘZASTARYMKANYE
70%
EU NIEPŁACZĘPONOTREDAME
64%
EU AJETLAGTOMÓJNOWYDRAG
63%
JPN ZŁOTEGLOBY
63%
EU PRZYTOBIE
56%
EU COJESTMAŁPY
52%
JPN CZŁOWIEKZKSIĘŻYCA
49%
EU TOWSZYSTKOBYŁODLACIEBIE
48%
EU ŁAJZA
46%
EU RUMPELSTILSKIN
35%
JPN JESTEMKURWACZARODZIEJEM
29%
Nie znaleziono quizów pasujących do podanych kryteriów
Rozkład punktacji
Procent ludzi z każdym wynikiem
Percentyl według liczby udzielonych odpowiedzi
Twoja historia wyników
Nie rozwiązałeś tego quizu